Atmospheres in the solar system : (Record no. 355563)

000 -LEADER
fixed length control field 04291cam a22003494a 4500
001 - CONTROL NUMBER
control field 12720880
003 - CONTROL NUMBER IDENTIFIER
control field Nust- CAS-E
005 - DATE AND TIME OF LATEST TRANSACTION
control field 20180118181405.0
008 - FIXED-LENGTH DATA ELEMENTS--GENERAL INFORMATION
fixed length control field 020327s2002 dcua b 000 0 eng
010 ## - LIBRARY OF CONGRESS CONTROL NUMBER
LC control number 2002025426
020 ## - INTERNATIONAL STANDARD BOOK NUMBER
International Standard Book Number 0875909892
040 ## - CATALOGING SOURCE
Original cataloging agency DLC
Transcribing agency DLC
Modifying agency DLC
042 ## - AUTHENTICATION CODE
Authentication code pcc
050 00 - LIBRARY OF CONGRESS CALL NUMBER
Classification number QB603.A85
Item number A76 2002
082 00 - DEWEY DECIMAL CLASSIFICATION NUMBER
Classification number 551.5
Edition number 21
Author Mark ATM 2002
245 00 - TITLE STATEMENT
Title Atmospheres in the solar system :
Remainder of title comparative aeronomy /
Statement of responsibility, etc. Michael Mendillo, Andrew Nagy, J.H. Waite, editors.
260 ## - PUBLICATION, DISTRIBUTION, ETC.
Place of publication, distribution, etc. Washington, D.C. :
Name of publisher, distributor, etc. American Geophysical Union,
Date of publication, distribution, etc. c2002.
300 ## - PHYSICAL DESCRIPTION
Extent ix, 388 p. :
Other physical details ill. (some col.) ;
Dimensions 28 cm.
440 #0 - SERIES STATEMENT/ADDED ENTRY--TITLE
Title Geophysical monograph ;
Volume/sequential designation 130
502 ## - DISSERTATION NOTE
Dissertation note 0
504 ## - BIBLIOGRAPHY, ETC. NOTE
Bibliography, etc. note Includes bibliographical references.
505 8# - FORMATTED CONTENTS NOTE
Formatted contents note Machine generated contents note: Preface -- Michael Mendillo, Andrew Nagy, and. H. Waiteix -- Introduction -- Michael Mendillo, Andrew Nagy, and H. Waite1 -- I. Overviews -- 1 Aeronomic Systems on Planets, Moons, and Comets -- Darrell F Strobel7 -- 2 Solar System Upper Atmospheres: Photochemistry, Energetics, and Dynamics -- G. Randall Gladstone, Roger V Yelle, and T. Majeed23 -- 3 Solar System lonospheres -- Andrew F. Nagy and Thomas E. Cravens39 -- 4 Auroral Processes in the Solar System -- Marina Galand and Supriya Chakrabarti55 -- 5 Airglow Processes in Planetary Atmospheres -- T. G. Slanger and B. C. Wolven77 -- II. Interactions Between Planetary and Small Body Atmospheres -- with the Surrounding Plasma Medium -- 1 Magnetosphere-lonosphere Coupling at Earth, Jupiter, and Beyond -- B. H. Mauk, B. J. Anderson, and R. M. Thorne97 -- 2 Comparison of Auroral Processes: Earth and Jupiter -- J. H. Waite and Dirk Lummerzheim115 -- 3 Numerical Techniques Associated with Simulations of the Solar Wind Interactions -- with Non-Magnetized Bodies -- Stephen H. Brecht141 -- 4 Plasma Flow Past Cometary and Planetary Satellite Atmospheres -- Michael R. Combi, Tamas 1. Gombosi, and Konstantin Kabin151 -- III. Chemistry, Energetics and Dynamics -- 1 Wave Coupling in Terrestrial Planetary Atmospheres -- Jeffrey M. Forbes 171 -- 2 Exospheres and Planetary Escape -- Donald M Hunten191 -- 3 Surface Boundary Layer Atmospheres -- R. E. Johnson203 -- 4 Solar Ultraviolet Variability Over Time Periods of Aeronomic Interest -- Thomas N. Woods and GaryJ. Rottman221 -- 5 Meteoric Material-An Important Component of Planetary Atmospheres -- Joseph M. Grebowsky, Julianne I. Moses, and W. Dean Pesnell 235 -- 6 Current Laboratory Experiments for Planetary Aeronomy -- David L. Huestis 245 -- IV. Models of Aeronomic Systems -- 1 Simulations of the Upper Atmospheres of the Terrestrial Planets -- Stephen W. Bougher, Raymond G. Roble, and Timothy Fuller-Rowell 261 -- 2 Thermospheric General Circulation Models for the Giant Planets: The Jupiter Case -- G.H. Millward, S. Miller, A.D. Aylward, I. C. F. Miller-Wodarg, and N. Achilleos289 -- 3 Ionospheric Models for Earth -- R. W. Schunk 299 -- 4 The Application of General Circulation Models to the Atmospheres of Terrestrial-Type -- Moons of the Giant Planets -- I. C. F. Miller-Wodarg307 -- 5 The Extreme Ultraviolet Airglow of N2 Atmospheres -- Michael H. Stevens 319 -- V. Observational Applications -- 1 The Application of Terrestrial Aeronomy Groundbased Instruments to Planetary Studies -- Michael Mendillo, Fred Roesler, Chester Gardner, and Michael Sulzer 329 -- 2 Ultraviolet Remote Sensing Techniques for Planetary Aeronomy -- John T. Clarke and Larry Paxton339 -- 3 Mass Spectrometry for Planetary Science -- DavidT. Young 353 -- VI. Atmospheres of Other Worlds -- 1 A Possible Aeronomy of Extrasolar Terrestrial Planets -- W. A. Traub and K. W Jucks369 -- 2 Can Conditions for Life be Inferred From Optical Emissions of Extra-Solar-System Planets? -- Harald U. Frey and Dirk Lummerzheim 381.
650 #0 - SUBJECT ADDED ENTRY--TOPICAL TERM
Topical term or geographic name entry element Planets
General subdivision Atmospheres.
650 #0 - SUBJECT ADDED ENTRY--TOPICAL TERM
Topical term or geographic name entry element Satellites
General subdivision Atmospheres.
700 1# - ADDED ENTRY--PERSONAL NAME
Personal name Mendillo, M.
Fuller form of name (Michael)
700 1# - ADDED ENTRY--PERSONAL NAME
Personal name Nagy, Andrew.
700 1# - ADDED ENTRY--PERSONAL NAME
Personal name Waite, J. H.
Fuller form of name (John H.)
856 41 - ELECTRONIC LOCATION AND ACCESS
Materials specified Table of contents
Uniform Resource Identifier <a href="http://www.loc.gov/catdir/toc/fy031/2002025426.html">http://www.loc.gov/catdir/toc/fy031/2002025426.html</a>
906 ## - LOCAL DATA ELEMENT F, LDF (RLIN)
a 7
b cbc
c orignew
d 1
e ocip
f 20
g y-gencatlg
942 ## - ADDED ENTRY ELEMENTS (KOHA)
Source of classification or shelving scheme
Koha item type Book
Holdings
Withdrawn status Lost status Source of classification or shelving scheme Damaged status Not for loan Collection code Permanent Location Current Location Shelving location Date acquired Source of acquisition Cost, normal purchase price Total Checkouts Full call number Barcode Date last seen Price effective from Koha item type
            US-Pakistan Center for Advanced Studies in Energy (USPCAS-E) US-Pakistan Center for Advanced Studies in Energy (USPCAS-E)   10/28/2015 Multiline Books 7422.00   551.5 ATM 2002 CAS-E0000658 10/28/2015 10/28/2015 Book
© 2023 Central Library, National University of Sciences and Technology. All Rights Reserved.